• 首页
  • 本馆介绍
  • 公告通知
  • 最新文献
  • 馆藏检索
  • 电子资源
  • 读者导购
  • 参考咨询
  • 我的图书馆
  • 登录
  • 详细信息显示
  • 放入我的书架
  • 预约/预借图书
  • 作者相关作品
  • 分类相关作品
  • 丛书相关作品
  • 出版社相关作品

书目信息

  • 表格格式
  • 工作单格式
  • 卡片格式
题名:
周总理青少年时代诗文书信集
    
 
作者: 怀恩 选编
分册: 上卷  
出版信息: 成都   四川人民出版社  1979
页数: 702页
开本: 19cm
丛书名:
单 册:
中图分类: I216.2 , D2-1
科图分类:
主题词: 文学--中国--现代--选集 , 中国共产党
电子资源:
ISBN:
000 00688nam0 2200253 45
001 0179002003
005 20040427153903.6
010    @dCNY2.10
091    @a10118.241
100    @a19950718d1979 em y0chiy0121 ea
101 0  @achi
102    @aCN@b510000
105    @af z 000zy
106    @ar
200 10 @a周总理青少年时代诗文书信集@Azhou zong li qing shao nian shi dai shi wen shu xin ji@h上卷@f怀恩选编
210    @a成都@c四川人民出版社@d1979
215    @a702页@c照片@d19cm
606    @a文学@y中国@z现代@x选集
606 0  @a中国共产党
690    @aI216.2@v3
690    @aD2-1
701  0 @a怀恩@Ahuai en@4选编
801  0 @aCN@bNLC@c20040427
905    @f1@b86174@dD2-1@e20:1
    
    周总理青少年时代诗文书信集.上卷/怀恩选编.-成都:四川人民出版社,1979
    702页:照片;19cm
    
    
    ISBN :CNY2.10
    
●
相关链接 在E读中查询图书 在五车中查询图书 在当当中查询图书 在豆瓣中查询图书


正题名:周总理青少年时代诗文书信集     索取号:D2-1/20:1         预约/预借

序号 登录号 条形码 馆藏地/架位号 状态 备注
1 0086174   001010738   第一借阅区/ [索取号:D2-1/20:1] 在馆    
2 0086175   001010747   第一样本阅览室/ [索取号:D2-1/20:1] 在馆    
唐山师范学院图书馆 欢迎您!
大连网信软件有限公司© 版权所有